000 00728nam a2200253Ia 4500
003 OSt
005 20220925233714.0
006 a|||||r|||| 00| 0
007 ta
008 220923b |||||||| |||| 00| 0 eng d
020 _a8170417163
037 _cGeneral Book
040 _aRTL
_cRTL
_beng
041 _2eng
_aeng
082 _aX:533.49G, hN83, N3
100 _aSingh Ghanshyam N Ed.
_9299286
245 0 _aEconomy of the SAARC nations
260 _a New Delhi
_bAnmol Publication India
_c1993
300 _axv, 411p Bib chapterwise
_ccm.
650 _a Free Trade
650 _aEconomics
942 _hX:533.49G, hN83, N3
_cGB
_2CC
999 _c594371
_d594371